000 01303nam a2200337 a 4500
001 000114061
003 CHAP
005 20220329144425.0
008 171025s2017 mx sm |||||||spa d
010 _a110522
011 _a111494
040 _cCHAP
090 _aTesis
100 1 _aEspinoza Vergara, Gabriela
_9133915
245 1 0 _aAnálisis funcional de clones del virus del mosaico del nabo (TuMV) con proteínas (HC-Pro y Nlb) marcadas
_h[En línea]
_cpor Gabriela Espinoza Vergara.
260 _aChapingo, Méx. :
_bEl autor,
_c2017.
500 _aPara ver el contenido del material haga clic en la liga
502 _aTesis (Ing. Agr. Esp. en Parasitología Agrícola) -- UACH. Departamento de Parasitología Agrícola
590 _aBATCH-UPD
_b05
_c20171025
_lUCH01
_h0928
590 _aE6339RRR
_b05
_c20171025
_lUCH01
_h0927
590 _aE6339RRR
_b05
_c20171025
_lUCH01
_h0928
590 _aE6339RRR
_b05
_c20171025
_lUCH01
_h0930
650 1 4 _aMancha foliar.
_970300
650 1 4 _aPlantas
_xEnfermedades por virus.
_988834
650 1 4 _aTurnip Mosaic Virus
_xDetección selectiva genética.
_9133917
650 1 4 _aTurnip Mosaic Virus
_xMutación.
_9133916
856 _aFinding aid
_uhttp://10.13.5.2/tesis/sist114061.pdf
_zTeclea aquí
901 _aBK
942 _cTESIS
942 _n0
999 _c110522
_d110522